000 00284nam a22001337a 4500
008 170204b xxu||||| |||| 00| 0 eng d
020 _a9781888799149
041 _aeng
080 _a61
100 _a3
101 _aSHM
245 _aMULTIPLE SCLEROSIS
_cKALB, R.C
942 _2udc
_cBK
999 _c4678
_d4678